000 00221nmm a2200085Ia 4500
008 220120s9999||||xx |||||||||||||||||und||
100 _aDigit
245 0 _aHighlight from mobile world congress
260 _aNine dot Nine
_c2014
999 _c139898
_d139898